Olympics medal table - Diving - Statistics

General Stats
  • This quiz has been taken 28 times
  • The average score is 10 of 14
Answer Stats
Total Gold Silver Bronze Nation % Correct
141 49 46 46 United States
100%
81 47 24 10 China
96%
13 2 3 8 Great Britain
93%
7 2 2 3 East Germany
85%
22 2 8 12 Germany
85%
4 3 1 0 United Team of Germany
85%
14 1 5 8 Canada
74%
14 3 3 8 Australia
70%
18 4 8 6 Russia
70%
11 3 5 3 Italy
63%
14 4 4 6 Soviet Union
59%
3 0 2 1 Unified Team
59%
15 1 7 7 Mexico
56%
21 6 8 7 Sweden
52%
No matching quizzes found
Score Distribution
Percent of People with Each Score
Percentile by Number Answered
Your Score History
You have not taken this quiz